Stav právneho poriadku a jeho perspektívy vo väzbe na proces aproximácie práva Európskych spoločenstiev a Európskej únie
Vplyv aproximácie práva Európskych spoločenstiev a Európskej únie na právny poriadok Slovenskej republiky s osobitným zreteľom na problematiku transpozície smerníc, a to tak z hľadiska obsahu, ako aj z pohľadu formy transpozičných opatrení.
Salvato in:
| Autore principale: | |
|---|---|
| Natura: | Capitolo di libro |
| Lingua: | slovacco |
| Soggetti: | |
| Tags: |
Nessun Tag, puoi essere il primo ad aggiungerne!!
|
MARC
| LEADER | 00000naa$a2200000$$$4500 | ||
|---|---|---|---|
| 001 | 0004748 | ||
| 005 | 20230929081206.5 | ||
| 041 | 0 | |a slo | |
| 044 | |a SK | ||
| 245 | 1 | 0 | |a Stav právneho poriadku a jeho perspektívy vo väzbe na proces aproximácie práva Európskych spoločenstiev a Európskej únie |c aut. Oľga Ovečková |
| 520 | |a Vplyv aproximácie práva Európskych spoločenstiev a Európskej únie na právny poriadok Slovenskej republiky s osobitným zreteľom na problematiku transpozície smerníc, a to tak z hľadiska obsahu, ako aj z pohľadu formy transpozičných opatrení. | ||
| 610 | 2 | 0 | |a poriadok právny |
| 610 | 2 | 0 | |a aproximácia práva |
| 610 | 2 | 0 | |a Európska únia |
| 610 | 2 | 0 | |a Európske spoločenstvá |
| 610 | 2 | 0 | |a Slovensko |
| 100 | 1 | |a Ovečková, Oľga | |